| 000 | 01062nmc a2200373 a 4500 | ||
|---|---|---|---|
| 003 | AR-BaBNM | ||
| 005 | 20251128211317.0 | ||
| 008 | 193120s2001 ||||||||||||||000 | spa|| | ||
| 020 | _a84-7432-850-0 | ||
| 040 | _cAR-BaBNM | ||
| 245 | 1 | 0 | _aLos valores en la educación |
| 250 | _a1ª ed. | ||
| 260 |
_aBarcelona _bGedisa _c2001 |
||
| 300 | _a318 p. | ||
| 490 | 0 |
_aBiblioteca de educación. Pedagogía de los valores _vv. 1 |
|
| 500 | _aContiene índice temático | ||
| 504 | _aContiene referencias bibliográficas al final de cada capítulo | ||
| 610 | 2 | 4 | _aUniversidad de Berna |
| 650 | 4 | _aEDUCACION COMPARADA | |
| 651 | 4 | _aAustralia | |
| 651 | 4 | _aIrlanda | |
| 651 | 4 | _aIsrael | |
| 651 | 4 | _aEslovenia | |
| 651 | 4 | _aInglaterra | |
| 651 | 4 | _aEstados Unidos | |
| 653 | _aEDUCACION EN VALORES | ||
| 653 | _aEXPERIENCIAS EDUCATIVAS | ||
| 700 | 1 |
_aStephenson, Joan _ecompilador |
|
| 700 | 1 |
_aLing, Lorraine _ecompilador |
|
| 700 | 1 |
_aBurman, Eva _ecompilador |
|
| 700 | 1 |
_aCooper, Maxine _ecompilador |
|
| 942 | _cBK | ||
| 998 | _craquel | ||
| 999 |
_c19096 _d19096 |
||